Pohľad na Black-Scholesovu rovnicu vo Wienerovsko-Brownovskom priblížení

Analýza správania sa pôvodnej Black-Scholesovej rovnice pri jej degeneráci z možnej formy parciálnej parabolickej rovnice na rovnicu blízku typu Laplaceovej rovnice, príp. typu potenciálnej Poissonovej rovnice.

Salvato in:
Dettagli Bibliografici
Autore principale: Turňa, Ľubomír
Natura: Capitolo di libro
Lingua:slovacco
Soggetti:
Tags: Aggiungi Tag
Nessun Tag, puoi essere il primo ad aggiungerne!!

MARC

LEADER 00000naa a2200000 4500
001 0165508
005 20240502072902.4
041 0 |a slo 
044 |a SK 
245 1 0 |a Pohľad na Black-Scholesovu rovnicu vo Wienerovsko-Brownovskom priblížení  |c Ľubomír Turňa 
520 |a Analýza správania sa pôvodnej Black-Scholesovej rovnice pri jej degeneráci z možnej formy parciálnej parabolickej rovnice na rovnicu blízku typu Laplaceovej rovnice, príp. typu potenciálnej Poissonovej rovnice. 
610 2 0 |a rozdelenie početnosti 
610 2 0 |a rozdelenie pravdepodobnosti 
610 2 0 |a volatilita 
610 2 0 |a miera úroková 
610 2 0 |a deriváty 
610 2 0 |a modely stochastické 
100 1 |a Turňa, Ľubomír